Alasan untuk bahagia (Record no. 130351)

MARC details
000 -LEADER
fixed length control field 00720nam a2200253 i 4500
001 - CONTROL NUMBER
control field C2-0331637
003 - CONTROL NUMBER IDENTIFIER
control field PPAK
005 - DATE AND TIME OF LATEST TRANSACTION
control field 20180728132007.0
008 - FIXED-LENGTH DATA ELEMENTS--GENERAL INFORMATION
fixed length control field 150625s2015 my |||| ||||| | may d
020 ## - INTERNATIONAL STANDARD BOOK NUMBER
International Standard Book Number 9789670707303
040 ## - CATALOGING SOURCE
Original cataloging agency PPAK
Language of cataloging eng
Transcribing agency PPAK
Description conventions rda
082 04 - DEWEY DECIMAL CLASSIFICATION NUMBER
Classification number 899.233
Edition number 23
090 00 - LOCALLY ASSIGNED LC-TYPE CALL NUMBER (OCLC); LOCAL CALL NUMBER (RLIN)
Classification number (OCLC) (R) ; Classification number, CALL (RLIN) (NR) 899.233
Feature heading AME
Feature heading G
100 0# - MAIN ENTRY--PERSONAL NAME
Personal name Amer Mukhlis,
Relator term author
245 10 - TITLE STATEMENT
Title Alasan untuk bahagia
264 #1 - PRODUCTION, PUBLICATION, DISTRIBUTION, MANUFACTURE, AND COPYRIGHT NOTICE
Place of production, publication, distribution, manufacture Kajang, Selangor :
Name of producer, publisher, distributor, manufacturer Aksara Aira Media Sdn. Bhd. ,
Date of production, publication, distribution, manufacture, or copyright notice 2015
300 ## - PHYSICAL DESCRIPTION
Extent 698 pages ;
Dimensions 18 cm
336 ## - CONTENT TYPE
Source rdacontent
Content type term text
337 ## - MEDIA TYPE
Source rdamedia
Media type term unmediated
338 ## - CARRIER TYPE
Source rdacarrier
Carrier type term volume
650 10 - SUBJECT ADDED ENTRY--TOPICAL TERM
Topical term or geographic name entry element Malay fiction.
700 0# - ADDED ENTRY--PERSONAL NAME
Personal name Jabatan Editorial Aksara Aira Media Sdn Bhn,
Relator term editor
942 ## - ADDED ENTRY ELEMENTS (KOHA)
-- dc
Koha item type Book
Holdings
Withdrawn Not for loan Current library Shelving location Date acquired Full call number Barcode Date last seen Koha item type
    Bergerak 1, Alor Setar Pinjaman Dewasa 07/07/2015 899.233 AME A01454079 09/05/2018 Book
    Bergerak 1, Alor Setar Pinjaman Dewasa 07/07/2015 899.233 AME A01454080 09/05/2018 Book
    Bergerak 3, Baling Pinjaman Dewasa 07/07/2015 899.233 AME A01454081 09/05/2018 Book
    Bergerak 4, Sungai Petani Pinjaman Dewasa 07/07/2015 899.233 AME A01454082 09/05/2018 Book
    Bergerak 5, Kulim Pinjaman Dewasa 07/07/2015 899.233 AME A01454083 09/05/2018 Book